00512npc a2200169Ia 4500001002500000003001000025008004100035040002500076041000700101100001100108245007400119250001100193260002300204300001200227500008900239650001400328ist/10-2806 [d000002945]IT-MiCISF161014s9999||||xx | und|| aIT-MiCISFcIT-MiCISF ait aAA.VV. 0aI conti degli italiani. Compendio della vita economica nazionale 1987 a1a ed. a RomabIstatc1987 app. 103 aIstituto centrale di statistica / statistica, lavoro, consumi, famiglia, economia /  asocietà